00637nam a2200193Ia 4500008004100000020001400041082001600055100001500071245004900086250000700135260004500142300002900187500001900216600002100235650005000256942000700306952011500313999001500428240925s9999 xx 000 0 und d a136190995 a005.276 LAN aLang, Zane 0aActive X All In One: a web developer's guide aNA aNew Jersey:bPrintice- Hall Int.c,1998. axxvi,652p.bNAfOriginal aIncludes Index aComputer Science aComputer science, information & general works cBK 011440708CSaUITUbUITUd2000-07-28eNAg295.00l0o005.276 LANpQ2672r2024-09-25 07:12:53w2024-09-25yBK c5171d5171